<?xml version="1.0" encoding="UTF-8"?>
<collection xmlns="http://www.loc.gov/MARC21/slim">
 <record>
  <leader>00956nam a2200193Ia 4500</leader>
  <controlfield tag="001">TDMU_7271</controlfield>
  <controlfield tag="008">210410s9999    xx            000 0 und d</controlfield>
  <datafield tag="082" ind1=" " ind2=" ">
   <subfield code="a">327.73052</subfield>
  </datafield>
  <datafield tag="090" ind1=" " ind2=" ">
   <subfield code="b">PH112</subfield>
  </datafield>
  <datafield tag="100" ind1=" " ind2=" ">
   <subfield code="a">PhaÌ£m, ThaÌ€nh Dung</subfield>
  </datafield>
  <datafield tag="245" ind1=" " ind2="0">
   <subfield code="a">Quan hêÌ£ giưÌƒa ba trung tâm tư baÌ‰n (MyÌƒ - Tây Âu - NhâÌ£t BaÌ‰n) sau chiêÌn tranh laÌ£nh</subfield>
  </datafield>
  <datafield tag="245" ind1=" " ind2="0">
   <subfield code="c">TS. PhaÌ£m ThaÌ€nh Dung</subfield>
  </datafield>
  <datafield tag="260" ind1=" " ind2=" ">
   <subfield code="a">H.</subfield>
  </datafield>
  <datafield tag="260" ind1=" " ind2=" ">
   <subfield code="b">LyÌ luâÌ£n chiÌnh triÌ£</subfield>
  </datafield>
  <datafield tag="260" ind1=" " ind2=" ">
   <subfield code="c">2004</subfield>
  </datafield>
  <datafield tag="300" ind1=" " ind2=" ">
   <subfield code="a">139tr.</subfield>
  </datafield>
  <datafield tag="650" ind1=" " ind2=" ">
   <subfield code="a">LiÌ£ch sưÌ‰; LiÌ£ch sưÌ‰ thêÌ giơÌi hiêÌ£n đaÌ£i; MyÌƒ; NhâÌ£t BaÌ‰n; Tây Âu; LiÌ£ch sưÌ‰ thêÌ giơÌi hiêÌ£n đaÌ£i; Quan hệ ngoại giao</subfield>
   <subfield code="z">Mỹ - Tây Âu - Nhật Bản</subfield>
  </datafield>
  <datafield tag="856" ind1=" " ind2=" ">
   <subfield code="u">http://lrc.tdmu.edu.vn/opac/search/detail.asp?aID=2&amp;ID=7271</subfield>
  </datafield>
  <datafield tag="980" ind1=" " ind2=" ">
   <subfield code="a">Trung tâm Học liệu Trường Đại học Thủ Dầu Một</subfield>
  </datafield>
 </record>
</collection>
